00369nam a2200145Ia 4500008004100000020001600041041001200057082001600069100001800085245005400103260002500157300000800182650001600190700001700206221030s9999 xx 000 0 und d a00746637711 aEnglish a105.23bNag aI. J. Nagrath 0aSignals & Systemscby I. J. Nagrath, S. N. Sharan bTMHaNew Delhic2002 a606 aBE Computer aS. N. Sharan